| 000 | 00919nam a2200253Ia 4500 | ||
|---|---|---|---|
| 003 | OSt | ||
| 005 | 20220923230644.0 | ||
| 006 | a|||||r|||| 00| 0 | ||
| 007 | ta | ||
| 008 | Pun | ||
| 020 | _c175 | ||
| 024 | _a290,595 | ||
| 037 |
_b969, 16/12/2015, H.K. Prakashan _cTextual |
||
| 040 |
_aARTS _cARTS _bPun |
||
| 041 |
_2Pun _aPun |
||
| 082 | _aO153,3NKUw, Q2 | ||
| 100 | _aਕੁੱਕੜਪਿੰੜੀਆ, ਮੋਹਣ ਸਿੰਘ | ||
| 245 | 0 |
_aਮੇਰੀ ਅਧੂਰੀ ਕਹਾਣੀ _b 3 ਮਾਰਚ 1968 ਤੋ੍ਵ 16 ਸਤੰਬਰ 1988 ਤਕ |
|
| 260 |
_aਜਲੰਧਰ _b ਕੁੱਕੜਪਿੰੜੀਆ ਪ੍ਰਕਾFਨ _c2012 |
||
| 300 |
_a248ਪੰ _ccm. |
||
| 650 | _aਪੰਜਾਬੀ ਸਾਹਿਤ | ||
| 942 |
_hO153,3NKUw, Q2 _cTEXL _2CC |
||
| 999 |
_c386308 _d386308 |
||